Statistics for Internet Acronyms Quiz

Click here to take the quiz!

General Stats

  • This quiz has been taken 85,108 times
    (56,735 since last reset)
  • The average score is 14 of 24

Answer Stats

Acronym Phrase % Correct
LOLLaughing Out Loud
98%
BTWBy The Way
94%
FYIFor Your Information
93%
BFFBest Friends Forever
92%
IDKI Don't Know
89%
BRBBe Right Back
85%
GTGGot to Go
79%
TTYLTalk to You Later
78%
J/KJust Kidding
73%
TMIToo Much Information
71%
ROFLRolling on Floor, Laughing
71%
IRLIn Real Life
63%
FTWFor the Win
61%
IMHOIn My Humble Opinion
55%
IMInstant Message
48%
AFKAway from Keyboard
41%
ASLAge, Sex, Location
30%
AFAIKAs Far as I Know
27%
BBWBig Beautiful Woman
23%
WYSIWYGWhat You See is What You Get
22%
FWIWFor What It's Worth
22%
OTOHOn the Other Hand
21%
PHATPretty Hot and Tempting
11%
EOMEnd of Message
10%

Score Distribution

Percentile by Number Answered

Percent of People with Each Score

Your Score History

You have not taken this quiz since the last reset